| 000 | 00645cab a2200241 4500 | ||
|---|---|---|---|
| 001 | X32 | ||
| 008 | 090401t1991 xxu||||| |||| 00| 0 eng d | ||
| 035 | _a(Sirsi) u44638 | ||
| 041 | _aeng | ||
| 245 | _aSalford CC and Granada Entertainments Ltd | ||
| 260 | _c1991 | ||
| 350 | _a0 | ||
| 490 |
_aPlanning Appeal Decisions _v(1991) 6 PAD 527 |
||
| 520 | _aInquiry 5 March 1991, Decision letter 19 April 1991. | ||
| 650 | _aBOWLING CENTRE | ||
| 650 | _aINDUSTRIAL ESTATE | ||
| 650 | _aPLANNING APPEAL | ||
| 650 | _aPLANNING PERMISSION | ||
| 650 | _aTRAFFIC | ||
| 690 | _aPLANNING LAW AND PRACTICE | ||
| 942 | _n0 | ||
| 948 | _c04/03/1997 | ||
| 999 |
_c28363 _d28363 |
||